Football Teams In England! (2022) - Statistics

General Stats
  • This quiz has been taken 63 times
  • The average score is 8 of 9
Answer Stats
Hint Answer % Correct
Won 2021/22 Season Manchester City
100%
Won the league title the most times in history Manchester United
100%
Named "The Invincibles" In 2003 Arsenal
98%
Winners of FA Cup 2022 Liverpool
95%
Runners Up of FA Cup 2022 Chelsea
93%
The fifth most successful club in europe Tottenham Hotspur
93%
Nickname is The Wanderers Wolverhampton Wanderers
84%
Stadium Name Is King Power Stadium Leicester City
79%
It is in Greater London Brentford
46%
No matching quizzes found
Score Distribution
Percent of People with Each Score
Percentile by Number Answered
Your Score History
You have not taken this quiz